000 00365 a2200133 4500
001 92328
082 _aPR 2390
090 _c44284
_d44285
100 _aTahir Akram;Prof Khalid Saleemi (Advisor)
245 _aTo Design and Develop an Ultrasonic Range Finder
_n60th 'B' EC
260 _aIslamabad
_bNUST
_c2005
300 _aviii,31p.
500 _aBE Project Report
942 _aCAE NUST
_kPR 2390
999 _c327401
_d327401